| 000 | 00918nam a2200289 a 4500 | ||
|---|---|---|---|
| 001 | BRCA_5626 | ||
| 005 | 20190320205147.0 | ||
| 008 | 210211s1920----gw-#######---#000-0#ger-# | ||
| 041 | _ager | ||
| 044 | _agw | ||
| 050 | 4 |
_aN5267.D3 _b.B64 1920 |
|
| 100 | 1 |
_aBoerner, C. G. _914333 |
|
| 245 | 1 | 0 |
_aSammlung Paul Davidsohn Grunewald-Berlin _cC. G. Boerner. |
| 260 |
_aLeipzig _bC.G. Boerner _c1920 |
||
| 300 |
_a6 v. _c30 cm. |
||
| 440 | 0 |
_aKupferstiche Alter Meister Versteigerungskatalog _v129 _914334 |
|
| 500 | _aContiene un minicatálogo con algunas piezas marcadas por el Sr. Franz Mayer | ||
| 500 | _aUna nota de compra en blanco. Una propaganda | ||
| 500 | _aF104 | ||
| 650 | 1 | 4 |
_aArte _xColecciones particulares _97906 |
| 650 | 1 | 4 |
_aSubastas _97837 |
| 650 | 1 | 4 |
_aColeccionistas y colecciones _914335 |
| 650 | 1 | 4 |
_aMarchands _97443 |
| 710 | 2 |
_aDavidsohn, Paul _914336 |
|
| 902 | _aGFM | ||
| 942 |
_2lcc _cB |
||
| 999 |
_c5320 _d5320 |
||